| 000 | 00719nam a2200229Ia 4500 | ||
|---|---|---|---|
| 003 | GCL | ||
| 008 | 140319s9999 xx 000 0 ara d | ||
| 040 |
_aGCL / _cGCL |
||
| 082 | 0 | 4 |
_a258.91 _bس ك |
| 100 | 1 | _aشفارتس فيرز | |
| 245 | 1 | 0 |
_aكتاب فية بدء الاسلام وشرائع الدين / _cشفارتس فيرز |
| 700 | 1 | _aالاباضى، ابن سلام | |
| 700 | 1 | _aسالم بن يعقوب(محقق) | |
| 260 |
_a[S.N] : _bفرانز شتاينر بفيسبادن ، _c1986 |
||
| 300 | _a168 ص | ||
| 490 | _a | ||
| 650 | 0 | 4 | _aالخوارج |
| 650 | 0 | 4 | _aالفقه الاسلامى |
| 650 | 0 | 4 | _aالفرق الاسلامية |
| 650 | 0 | 4 | _aالاباضية |
| 942 |
_2ddc _cBK |
||
| 999 |
_c35883 _d35883 |
||